Sổ tay chuyên khoa tim mạch
Wedi'i Gadw mewn:
| Prif Awdur: | |
|---|---|
| Fformat: | Llyfr |
| Iaith: | Undetermined |
| Cyhoeddwyd: |
Y học
2001
|
| Tagiau: |
Ychwanegu Tag
Dim Tagiau, Byddwch y cyntaf i dagio'r cofnod hwn!
|
| Thư viện lưu trữ: | Trung tâm Học liệu Trường Đại học Cần Thơ |
|---|
| LEADER | 00456nam a2200145Ia 4500 | ||
|---|---|---|---|
| 001 | CTU_48639 | ||
| 008 | 210402s9999 xx 000 0 und d | ||
| 082 | |a 616.12 | ||
| 082 | |b S297/T1+2 | ||
| 100 | |a ROBERT C SCHLANT | ||
| 245 | 0 | |a Sổ tay chuyên khoa tim mạch | |
| 245 | 0 | |c ROBERT C SCHLANT, R. Wayne Alexander; Dịch giả: Trần Ngọc Đức | |
| 260 | |b Y học | ||
| 260 | |c 2001 | ||
| 980 | |a Trung tâm Học liệu Trường Đại học Cần Thơ | ||